Preparative methods of polymer chemistry (Record no. 19700)

MARC details
000 -LEADER
fixed length control field 00360nam a2200133Ia 4500
082 ## - DEWEY DECIMAL CLASSIFICATION NUMBER
Classification number 028.2875
Item number SOR
100 ## - MAIN ENTRY--AUTHOR NAME
Personal name Campbell, Tod W
245 #0 - TITLE STATEMENT
Title Preparative methods of polymer chemistry
260 ## - PUBLICATION, DISTRIBUTION, ETC. (IMPRINT)
Place of publication New York
Name of publisher Interscience
Year of publication 1961
650 ## - SUBJECT ADDED ENTRY--TOPICAL TERM
Topical Term Polymer chemistry
700 ## - ADDED ENTRY--PERSONAL NAME
Personal name Sorenson, Wayne R
942 ## - ADDED ENTRY ELEMENTS (KOHA)
Koha item type Books
Holdings
Withdrawn status Lost status Damaged status Not for loan Home library Current library Date acquired Cost, normal purchase price Full call number Accession Number Koha item type
        RRII Library RRII Library 16/12/2021 10.50 028.2875 SOR 00432 Books